000 05165nam a2200325 i 4500
001 195955
003 ES-MaACL
005 20250410063057.0
008 240804s2006 sp ||||| |||| 00| 0 spa d
017 _aM 7862-2006
020 _a8497425006
040 _cES-MaACL
245 _aLa adopción :
_bUn tema de nuestro tiempo /
_cMilagros Cid, Silvia Pérez Galdós [Coords.].
260 _aMadrid :
_bEditorial Biblioteca Nueva,
_c2006.
300 _a222 pág. :
_c21 cm.
336 _2rdacontent
_aTexto
337 _2rdamedia
_asin mediación
338 _2rdacarrier
_avolumen
490 _aColección Psicoanálisis
490 _aAsociación Psicoanálitica de Madrid
501 _aPRÓLOGO, Luis Fernando Crespo Gutiérrez EL MUNDO FANTASMÁTICO DE LA ADOPCIÓN Introducción El camino hacia la adopción: la pareja y la familia Consultas Familias El Psicoanálisis aplicado: la cuestión de la instituciones de adopción Estudio situacional Comprender Desde las instituciones de adopción Ejemplos Fantasías Las ilusiones La adopción de los padres Desde los niños PADRES ADOPTIVOS ¿PADRES IDÓNEOS?, Mª Teresa Muñoz Guillén Idoneidad La reproducción asistida El duelo de los padres El duelo del niño Hay que hablar Cuándo Ejemplos Bibliografía LA ADOPCIÓN EN EL CONTEXTO DE LOS NUEVOS VÍNCULOS FAMILIARES Introducción Aproximaciones teóricas Los juegos vinculares en la organización familiar En los caminos de la adopción: el anudamiento del encuentro Aspectos actuales de la maternidad y de la paternidad Parentalidad en la adopción Bibliografía EL OTRO EN LA ADOPCIÓN, Francisco Granados Pérez Bibliografía EL DUELO Y LAS FANTASÍAS DE FILICIDIO EN LA ADOPCIÓN, Rebeca Grinberg y Mercedes Valcarce Avello Marisol Joseph Bibliografía LA ADOPCIÓN DESDE LA PERSPECTIVA DEL NIÑO, María Herrero Identificación-Imitación Identificación-Aprendizaje Proceso identificatorio La identificación y desarrollo de la personalidad Identificación primaria e identificación secundaria Identificación-desidentificación Identificación-Adopción Disociación La idealización Bibliografía CRISIS ADOLESCENTES Y ADOPCIÓN, Milagro Martín Rafecas Introducción Construcción de una identidad. Vínculos e identificaciones El deseo de saber. Búsqueda de sus orígenes La separación-individuación. Paternidad y maternidad en el hijo adoptado Los padres, su presencia en el adolescencia adoptado Duelos en la adolescencia Síntesis Bibliografía HOMOSEXUALIDAD FEMENINA Y ADOPCIÓN, Mª Antonieta Casanueva Royo Homosexualidad y normativa jurídica Legislación Internacional Legislación Nacional Investigación en Familia Homoparentales Aportaciones psicoanalíticas La homosexualidad femenina. Consideraciones teóricas: breve reseña histórica Homosexualidad femenina y familia Algunas consideraciones sobre la maternidad Reflexiones personales Bibliografía PROCESOS IDENTIFICATORIOS EN LA HOMOSEXUALIDAD MASCULINA Y ADOPCIÓN, Jaime Tabares Introducción Adopción Homosexualidad masculina Homosexualidad y adopción Bibliografía
520 _aUn tema de nuestro tiempo Este libro es el resultado de un ciclo de conferencias sobre la adopción organizado por el Centro de Atención Clínica e Investigación de la Asociación Psicoanalítica de Madrid. El complejo tema de la adopción, dada su interdisciplinariedad, provoca un profundo interés en profesionales de distintos ámbitos de la educación, psicología, medicina, psiquiatría y derecho, así como de las ciencias sociales. El aumento espectacular de adopciones en nuestro país, fruto de diversas circunstancias sociológicas, así como la evolución en la legislación actual respecto a la adopción en familias monoparentales u homosexuales, plantean toda una serie de interrogantes que son objeto de profundas reflexiones y apasionados debates. La ilusión y del deseo de tantas parejas de adoptar son el resultado de muy variadas situaciones, expectativas y fantasías respecto a lo que representaría ese hijo, a menudo llegado de culturas muy diferentes. La complejidad de estas situaciones puede dar lugar a dificultades afectivas muy intensas, con un gran sufrimiento por ambos lados, o por el contrario, representar una experiencia enriquecedora y portadora de esperanza, si puede ser comprendida y tratada adecuadamente. La reflexión psicoanalítica puede ayudar en las distintas fases e interacciones de este proceso, así como el abordaje terapéutico en los casos necesitados de ayuda, puede evitar situaciones catastróficas. Todos estos temas, de candente actualidad, son recogidos desde la perspectiva psicoanalítica, por los autores de esta obra, todos ellos psicoanalistas de la Asociación Psicoanalítica de Madrid.
700 _aCid, Milagros
_epbl
_9239997
700 _aPérez Galdós, SIlvia
_eedt
_9239998
852 _aES-MaACL
_bR.153128
_cDEPOJ
_jN-9080
_hDonación: Editorial
_xEncuadernación rústica
_9204987
942 _cMONOGRAFIA
_n0
999 _c195955
_d195955